| 000 | 00000nas 2200000za 4500 |
| 001 | 9.502304 |
| 003 | CaOODSP |
| 005 | 20230824142229 |
| 007 | cr ||||||||||| |
| 008 | 150406d20032004xxc|| p o||||f| |0fre|d |
| 040 | |aCaOODSP|bfre |
| 043 | |an-cn--- |
| 086 | 1 |aPS61-15F-PDF |
| 110 | 2 |aGendarmerie royale du Canada.|eauteur, |eorganisme de publication. |
| 245 | 10|aServices nationaux des enfants disparus, compte rendu / |cServices nationaux des enfants disparus, Services nationaux de police. |
| 264 | 1|aOttawa, Ontario : |bGendarmerie royale du Canada |
| 310 | |aAnnuel |
| 362 | 1 |aParaît depuis 2003; ne paraît plus après 2004. |
| 500 | |aFait suite à: Enfants disparus au Canada ..., rapport annuel, 1995-[2003]; suivi de: Compte rendu sur les enfants disparus, 2005-- |
| 691 | 07|aViolence faite aux enfants|2gcpds |
| 691 | 07|aSécurité de l'enfant|2gcpds |
| 691 | 07|aService de police|2gcpds |
| 775 | 08|tNational Missing Children Services, reference report / |w(CaOODSP)9.505902 |